| 000 | 00722nam a2200217 a 4500 | ||
|---|---|---|---|
| 001 | 000011788 | ||
| 005 | 20200929162550.0 | ||
| 008 | 091027s1963 ag 001 0 spa d | ||
| 040 |
_aDO-SdBNP _bspa _cBNPHU |
||
| 041 | 1 | 7 |
_aspa _heng _2Código de idioma MARC |
| 082 |
_a928.51 _bS944v |
||
| 100 | 0 |
_aSeutonio _d70-140 _q(Cayo Suetonio Tranquilo) _927891 |
|
| 245 | 1 | 0 |
_aVida de los doce césares / _cSuetonio ; traducción, José Luis Romero. |
| 260 |
_aBuenos Aires : _bEdiciones Selectas S.R.L., _c1963. |
||
| 300 |
_a384 P. ; _c20 cm. |
||
| 490 | 1 | _aClásicos Selectos | |
| 600 | 1 | 0 |
_aSUETONIO, CAYO, _y70-140 _927892 |
| 700 | 1 |
_aRomero, José Luis, _etr. _927893 |
|
| 830 | 0 |
_aClásicos Selectos _927894 |
|
| 049 | _aBNGR | ||
| 999 |
_c11462 _d11462 |
||